| 000 | 02585cam a22004574a 4500 | ||
|---|---|---|---|
| 001 | 13958972 | ||
| 005 | 20070104101033.0 | ||
| 008 | 050509s2006 njua |rb 001 0 eng | ||
| 010 | _a 2005049400 | ||
| 015 |
_aGBA588347 _2bnb |
||
| 016 | 7 |
_a013315673 _2Uk |
|
| 020 | _a0471755001 (alk. paper) | ||
| 020 | _a9780471755005 | ||
| 035 | _a(OCoLC)ocm60373713 | ||
| 040 |
_aDLC _cDLC _dBAKER _dUKM _dC#P _dDLC |
||
| 042 | _apcc | ||
| 050 | 0 | 0 |
_aTK7867.2 _b.P38 2006 |
| 082 | 0 | 0 |
_a621.38224 _222 _bPAU |
| 100 | 1 |
_aPaul, Clayton R. _912020 |
|
| 245 | 1 | 0 |
_aIntroduction to Electromagnetic Compatibility / _cClayton R. Paul. |
| 250 | _a2nd ed. | ||
| 260 |
_aHoboken, N.J. : _bWiley-Interscience, 2006 _cc2006. |
||
| 300 |
_axxi, 983 p. : _bill. ; _c25 cm. |
||
| 490 | _aWiley Series in Microwave and Optical Engineering | ||
| 504 | _aIncludes bibliographical references and index. | ||
| 650 | 0 |
_aElectromagnetic compatibility. _912021 |
|
| 650 | 0 |
_aElectronic circuits _xNoise. _912022 |
|
| 650 | 0 |
_aDigital electronics. _912023 |
|
| 650 | 0 |
_aShielding (Electricity) _912024 |
|
| 856 | 4 | 2 |
_3Publisher description _uhttp://www.loc.gov/catdir/enhancements/fy0625/2005049400-d.html |
| 856 | 4 | 1 |
_3Table of contents only _uhttp://www.loc.gov/catdir/enhancements/fy0625/2005049400-t.html |
| 856 | 4 | 2 |
_3Contributor biographical information _uhttp://www.loc.gov/catdir/enhancements/fy0648/2005049400-b.html |
| 942 |
_2ddc _cNB |
||
| 999 |
_c13538 _d13538 |
||